=LDR 00000nam 2200000 4500 =001 INLIS000000000036760 =005 20130612142529 =008 ***********************************ind** =035 ##$$a0010-061300000036760 =041 ##$$a ind =082 ##$$a F.Rom.D =090 ##$$a F.Rom.D, She f =100 ##$$a Shelley, Mary =245 ##$$a Frankenstein, Oleh :Mary Shelley =650 ##$$a fiksi Inggris =850 ##$$a NBPNMAT =990 ##$$a 94106/BPAP-NTB/2014